Sports Quiz

Random Sports or NCAA Quiz
Score 0/20 Timer 07:00
0 Plays Today
Hint Answer % Correct
NicknameTigers
83.1%
Team ColorOrange
82.6%
ConferenceIvy League
79.6%
CityPrinceton
77.4%
Team ColorBlack
52.2%
Basketball ArenaJadwin Gymnasium
27.7%
Famous Alum: SG/SF ____ BradleyBill
27.7%
MascotThe Tiger
27.7%
Sport w/ most NCAA ChampionshipsMen's Golf (12)
27.5%
No. of Women's Varsity Sports17
26.6%
Hint Answer % Correct
StateNew Jersey
25.7%
Famous Alum: Coach ___ Thompson IIIJohn
25.3%
No. of Men's Varsity Sports18
25.1%
Famous Alum: RW Hobey ____Baker
24%
Primary RivalYale
23.7%
Primary RivalPenn
22.7%
Football StadiumPrinceton University Stadium
14.4%
Fight SongThe Princeton Cannon
12.9%
Athletic DirectorMollie Marcoux
8.9%
Baseball StadiumBill Clarke Field
8.9%
Remove Ads.
Support Sporcle.
Get the best of Sporcle when you Go Orange. This ad-free experience offers more features, more stats, and more fun while also helping to support Sporcle. Thank you for becoming a member.

You're not logged in!

Compare scores with friends on all Sporcle quizzes.
OR
Log In

Show Comments

Extras

Top Quizzes Today


Score Distribution

Your Account Isn't Verified!

In order to create a playlist on Sporcle, you need to verify the email address you used during registration. Go to your Sporcle Settings to finish the process.

Report this User

Report this user for behavior that violates our Community Guidelines.

Details: